000
00249nam a22001217a 4500
008
171018b xxu||||| |||| 00| 0 eng d
041
_a
eng
080
_a
33
100
_a
53
101
_a
EKO
245
_a
ECONOMICS
_c
MORTON, J.S
942
_2
udc
_c
BK
999
_c
34547
_d
34547